000 03319cam a22006014i 4500
003 PE-LiUPU
005 20250731165532.0
008 150625s2005 pe a rb 000 0 spa d
020 _a9972254402
020 _a9789972254406
035 _a(Sirsi) i9789972254406
040 _aPE-LiUPU
_bspa
_cPE-LiUPU
_dPE-LiUPU
_erda
049 _aPRUA
082 0 4 _a001.42
_bC12
100 1 _aCaballero Romero, Alejandro,
_eautor.
245 1 0 _aGuías metodológicas para los planes y tesis de maestría y doctorado /
_cAlejandro E. Caballero Romero.
264 1 _aLima :
_bUgraphs,
_c2005.
300 _a672 páginas :
_bilustraciones ;
_c27 centímetros
336 _atext
_2rdacontent
337 _aunmediated
_2rdamedia
338 _avolume
_2rdacarrier
504 _aIncluye referencias bibliográficas.
505 0 _aFundamentos epistemológicos, lógicos y metodológicos -- La realidad. -Las relaciones entre: ciencia ya establecida, investigación y el hacer ciencia -- La investigación científica -- Las funciones del pensar y la investigación científica -- Conocer y conocimiento -- Metodología y métodos -- Lo que hacemos en las entidades y las ayudas metodológicas más adecuadas -- Guía para la formulación de los planes de tesis -- Objetivos de una investigación científica -- El marco referencial o patrón comparativo de una investigación científica -- La hipótesis explicativa de investigación científica -- Los factores y las variantes en las investigaciones científicas explicativas -- El diseño de la ejecución.
526 _aSEG44
526 _aSEG26
526 _aP151
526 _aP150
526 _aP149
526 _aP146
526 _aP145
526 _aP126
526 _aP125
526 _aP92
526 _aP75
526 _aP74
526 _aP27
526 _aP15
541 _g00-100023;
541 _g00-100023;
650 0 4 _aInvestigación
_xMetodología.
650 0 4 _aTesis
_xPreparación.
650 0 4 _aTítulos profesionales
_vMetodología
_zPerú.
942 _2ddc
_cBOOK
949 _a001.42 C12 2005
_wDEWEY
_c1
_iFJ00689
_lCCODEBUJ1
_mBUJ
_p24.02
_r0
_sY
_tBOOK
_u2016-7-6
_xINGENIERIA
_PP27
_0COMPRA
_o.STAFF. Colección General Juliaca
949 _a001.42 C12
_wDEWEY
_c1
_i55217
_lCCODEBUL1
_mBUL
_r0
_sY
_tBOOK
_u2015-6-25
_xFCE
_PP08
_0COMPRA
_o.STAFF. Colección Ciencias Empresariales
949 _a001.42 C12
_wDEWEY
_c2
_i55216
_lCCODEBUL1
_mBUL
_r0
_sY
_tBOOK
_u2015-6-25
_xEDUCACION
_PP35
_0COMPRA
_o.STAFF. Colección Ciencias Empresariales
994 _aC0
_bPEPRU
596 _a1 3
999 _a001.42 C12
_wDEWEY
_c37859
_i55217
_f2021-11-4
_g7
_lCCODEBUL1
_mBUL
_p20.00
_r0
_sY
_tBOOK
_u2015-6-25
_xBIBLIOTECA
_PP08
_0COMPRA
_o.STAFF. Colección Ciencias Empresariales
_d37859
999 _a001.42 C12
_wDEWEY
_c2
_i55216
_d2019-11-13
_f2021-11-4
_g6
_lCCODEBUL1
_mBUL
_p20.00
_q2
_r0
_sY
_tBOOK
_u2015-6-25
_xBIBLIOTECA
_PP20
_0COMPRA
_o.STAFF. Colección Ciencias Empresariales
999 _a001.42 C12
_wDEWEY
_c1
_iFJ00689
_d2019-12-5
_f2021-12-27
_g4
_lCCODEBUJ1
_mBUJ
_p24.02
_q7
_r0
_sY
_tBOOK
_u2016-7-6
_xINGENIERIA
_PP27
_0COMPRA
_o.STAFF. Colección General Juliaca
980 _81
_gALBERTO SANCHEZ Responsable de Automatización